Environmental determinants of vibrio cholerae biofilm development /
שמור ב:
| מחבר ראשי: | |
|---|---|
| מחברים אחרים: | |
| פורמט: | Bài viết |
| שפה: | English |
| נושאים: | |
| תגים: |
הוספת תג
אין תגיות, היה/י הראשונ/ה לתייג את הרשומה!
|
| Thư viện lưu trữ: | Thư viện Trường Đại học Đà Lạt |
|---|
| LEADER | 00863nam a2200289 4500 | ||
|---|---|---|---|
| 001 | DLU090092732 | ||
| 005 | ##20091201 | ||
| 040 | # | # | |a DLU |b eng |
| 041 | # | # | |a eng |
| 044 | # | # | |a us |
| 100 | # | # | |a Kierek, Katharine. |
| 245 | # | # | |a Environmental determinants of vibrio cholerae biofilm development / |c Katharine Kierek, Paula I. Watnick. |
| 653 | # | # | |a Bacteria |
| 653 | # | # | |a Biofilms |
| 653 | # | # | |a Vibrio cholerae |
| 653 | # | # | |a Vibrionaceae |
| 700 | # | # | |a Watnick, Paula I. |
| 773 | # | # | |t Applied and Environmental Microbiology |g Vol. 69, no. 9 (September 2003), p. 5079-5088 |
| 920 | # | # | |a Phòng Tạp chí -- Trung tâm Thông tin - Thư viện Trường Đại học Đà Lạt |
| 994 | # | # | |a DLU |
| 900 | # | # | |a True |
| 911 | # | # | |a Trương Bảo Trâm Anh |
| 925 | # | # | |a G |
| 926 | # | # | |a A |
| 927 | # | # | |a BB |
| 980 | # | # | |a Thư viện Trường Đại học Đà Lạt |